000 00762nam a2200253Ia 4500
003 OSt
005 20220918171502.0
006 a|||||r|||| 00| 0
007 ta
008 220917b |||||||| |||| 00| 0 eng d
020 _a9781844654949 (pbk)
_c1224.98
024 _a261,897
037 _b214/2011-12, 27/03/2012, Pioneer Book Distributors
_cTextual
040 _aARTS
_cARTS
_beng
041 _2eng
_aeng
082 _aR4, Q2
100 _aTaylor Craig
_936917
245 0 _aMoralism
_b A study of a vice
260 _aDurham
_bAcumen Publishing UK
_c2012
300 _axi, 187p.
_ccm.
650 _aPHILOSOPHY
942 _hR4, Q2
_cTEXL
_2CC
999 _c139804
_d139804